Меч Без Имени: Фантастический роман

Sonraí bibleagrafaíochta
Príomhchruthaitheoir: Белянин А. О. Андрей Олегович
Achoimre:Первая кн. трилогии "Меч Без Имени".
Исключено из фонда НТБ ТПУ
Teanga:Rúisis
Foilsithe / Cruthaithe: Москва, Армада, 2000
Formáid: LEABHAR
KOHA link:https://koha.lib.tpu.ru/cgi-bin/koha/opac-detail.pl?biblionumber=14090

MARC

LEADER 00000nam0a2200000 4500
001 14090
005 20231030185409.0
010 |a 5763208412 
035 |a (RuTPU)RU\TPU\book\14178 
035 |a BOOK00014246 
090 |a 14090 
100 |a 20011209d2000 m y0rusy50 ca 
101 0 |a rus 
102 |a RU 
105 |a a z 000ay 
200 1 |a Меч Без Имени  |e Фантастический роман  |f А. О. Белянин 
210 |a Москва  |c Армада  |c Альфа-книга  |d 2000 
215 |a 331 с.  |c ил. 
300 |a Первая кн. трилогии "Меч Без Имени". 
333 |a Исключено из фонда НТБ ТПУ 
700 1 |a Белянин  |b А. О.  |g Андрей Олегович 
801 0 |a RU  |b 63413507  |c 20011209  |g PSBO 
801 2 |a RU  |b 63413507  |c 20170907  |g PSBO 
942 |c BK